| 000 | 01051nam0a22002411i 4500 | ||
|---|---|---|---|
| 001 | rc\663365 | ||
| 005 | 20240723202706.0 | ||
| 035 | _a(NLR Aleph) 005902403 | ||
| 090 |
_a6290739 _c6290739 |
||
| 100 | _a20031121d1986 u |0rusy50 ca | ||
| 101 | 0 | _arus | |
| 102 | _aRU | ||
| 105 | _ay ||||||||| | ||
| 200 | 1 |
_aСоциально-экономическое обоснование рационального природопользования в природно-производственном регионе _e(На прим. северо-вост. природ.-произв. региона Эстонии) _eАвтореф. дис. на соиск. учен. степ. к. э. н. _fАН СССР, Центр. экон.-мат. ин-т |
|
| 210 |
_aМ. _d1986 |
||
| 215 | _a17 с. | ||
| 320 | _aСписок работ авт.: с. 17 | ||
| 333 | _aДСП. Экз. 00008 | ||
| 700 | 1 |
_aГорная _bЛ.В. _gЛюбовь Васильевна |
|
| 801 | 0 |
_aRU _bNLR _gpsbo |
|
| 801 | 1 |
_aRU _bELAR _2rusmarc |
|
| 852 |
_aNLR _j87-50К/2102 |
||
| 942 | _cBOOK | ||